Bangladesh: (Record no. 191131)

MARC details
000 -LEADER
fixed length control field 00591nam a22001697a 4500
005 - DATE AND TIME OF LATEST TRANSACTION
control field 20220818165545.0
010 ## - LCCN (DPL NO)
LC control number ENG-134513
020 ## - INTERNATIONAL STANDARD BOOK NUMBER
International Standard Book Number 9789354422126
Terms of availability 800.00
035 ## - SYSTEM CONTROL NUMBER
System control number EN-118045
037 ## - SOURCE OF ACQUISITION
Source of stock number/acquisition DBAD/PUB
082 ## - DEWEY DECIMAL CLASSIFICATION NUMBER
Classification number 954.65
245 ## - TITLE STATEMENT
Title Bangladesh:
Remainder of title Writings on 1971, Across Borders/
Statement of responsibility, etc Edited by Rakhshanda Jalil and Debjani Sengupta
260 ## - PUBLICATION, DISTRIBUTION, ETC. (IMPRINT)
Place of publication, distribution, etc Hyderabad
Name of publisher, distributor, etc Orient Blackswan Private Limited
Date of publication, distribution, etc 2022
270 ## - ADDRESS
Address 3-6-752 Himayatnagar
City Hyderabad
Postal code 500029
Electronic mail address centraloffice@orientblackswan.com
300 ## - PHYSICAL DESCRIPTION
Extent xiii, 276p.
Dimensions 22cm(pbk)
942 ## - ADDED ENTRY ELEMENTS (KOHA)
Source of classification or shelving scheme Dewey Decimal Classification
Item type English Books
Classification part 954.65
Call number suffix BAN
Holdings
Withdrawn status Lost status Not for loan Collection code Home library Current library Date acquired Source of acquisition Cost, normal purchase price Full call number Barcode Copy number Cost, replacement price Koha item type
      Non-fiction Ashok Vihar Ashok Vihar 18/08/2022 DBAD/PUB 800.00 954.65 BAN EN-118045 1 800.00 English Books

© Delhi Public Library
Hit Counter
free hit counter